00349nam a2200145Ia 45000030006000000080041000060400015000471000024000622450036000862500010001222600036001323000006001685460012001740050017001860STCL150530s9999 xx 000 0 und d aSTCLcSTCL aSelbin, J.;Day M.C. aTheoretical inorganic chemistry aFirst bRajkamal Prakashan; Delhic2007 a0 aEnglish20220125170248.0